00447nam a22001577a 4500008004100000020001800041040005500059080000900114245004100123260003700164300001700201500001600218650001200234653001600246700002700262230421b |||||||| |||| 00| 0 eng d a0-306-34321-5 aNational Science LibrarycNational Science Library a b  aAdvances in nutritional research c  aNew York: bPlenum Press, c1977 axvii, 344p.  aVol. 1 1977 aScience aNutritional aDraper, Harold H (Ed.)